Monsieur Teste

Gardado en:
Detalles Bibliográficos
Autor Principal: Valéry, Paul (Author)
Formato: Libro
Idioma:Lingua castelá
Publicado: Barcelona Montesinos 1986
Edición:2a. ed
Series:Visio Tundali, clásiscos, 1
Subjects:
Tags: Engadir etiqueta
Sen Etiquetas, Sexa o primeiro en etiquetar este rexistro!

MARC

LEADER 00000nam a2200000 a 4500
001 UCW0335
003 CL-VaPUC
008 930608e19860000SP |||||||||||||||||spa|d
082 0 4 |a 843  |b VAL  |2 21 
100 0 |a Valéry, Paul  |e author  |9 304269 
245 1 0 |a Monsieur Teste 
250 |a 2a. ed 
300 |a 163 p 
942 |c BK 
945 |d 19930608 00:00:00 
260 |a Barcelona  |b Montesinos  |c 1986 
650 0 |a Novela francesa  |9 264985 
583 |a last modification  |c 19930608 00:00:00  |k Rodrigo Vera 
490 0 |a Visio Tundali, clásiscos, 1 
999 |c 215541  |d 215539 
952 |0 0  |1 0  |4 0  |6 843_000000000000000_VAL_1986  |7 0  |8 A  |9 199885  |a BIBART  |b BIBART  |d 2019-11-14  |i 2671654  |o 843 VAL 1986  |p 2671654  |r 2025-03-13  |w 2019-11-14  |y BK  |k ART